000 00449nam a2200181Ia 4500
005 20250923144223.0
008 008 250917s9999 xx 000 0 eng d
037 _aTextual
040 _aDSWL
_beng
_cDSWL
041 _aeng
_2eng
084 _qDSWL
100 _aBenedict,
_9822511
245 0 _aRace of manking
_cby Benedict
300 _a32 p.
700 _a Weltfish
_9822512
942 _cTEXL
999 _c1436218
_d1436218